| 000 | 00718nam a2200205Ii 4500 | ||
|---|---|---|---|
| 003 | JO-AjNU | ||
| 008 | 230605s9999||||xx |||||||||||||| ||und|| | ||
| 040 |
_aJO-AjNU _bara _erda _cJO-AjNU |
||
| 041 | _aara | ||
| 050 | 1 | 4 | _aDS79.72 .S6412 1992 |
| 100 | 3 |
_aبقلم سميث، جين ادوارد؛ ترجمة برهوم، محمد، ترجمة ناصر، نقولا, _eauthor _947781 |
|
| 245 | 0 | 0 | _aحرب جورج بوش |
| 250 | _aط1 | ||
| 264 | 3 | 1 | _aعمان: دار الفكر، 1992 |
| 300 |
_a320ص _bصور توضيحية |
||
| 336 |
_atext _btxt _2rdacontent |
||
| 337 |
_aunmediated _bn _2rdamedia |
||
| 338 |
_avolume _bnc _2rdacarrier |
||
| 650 | 4 |
_aحرب االخايج- ازمة الخليج _947782 |
|
| 999 |
_aA20882 _c24450 _d24450 |
||